| 000 | 00588cam8a220018100 4500 | ||
|---|---|---|---|
| 001 | zam00002704 | ||
| 008 | 970717n xx eng u | ||
| 035 | _a(Sirsi) r132704 | ||
| 040 | _dUPRA | ||
| 100 |
_aSyopungman, Frank. _6A106737.1 |
||
| 245 | 1 | 0 | _aAdult education in Botswana, 1960-1980: an annotated bibliography. |
| 260 |
_aGaborone : _bUniversity Coolege of Botswana, _c1981. |
||
| 520 | _aThis is a bibliography on adult education in Botswana. | ||
| 650 | 4 |
_aAdult Education. _6S3683.2 |
|
| 650 | 4 |
_aBotswana. _6S25516.3 |
|
| 949 | 1 | 0 |
_mINESOR _tBOOK _lON-SHELF |
| 004 | 132704 | ||
| 999 |
_c30739 _d30739 |
||